LEADER 01287nam a2200301 u 4500 001 000000031279 003 CaOOAMICUS 005 20070226112125.0 008 970930s1960 it ab u000 u ita u 035 $a10771065 040 $aPUL$bita 041 1 $aita$alat 130 0 $aBiblia.$pV.T.$pEsdrae I-II.$lLatino.$0(OLS)http://pul/title/43006 245 10$aEsdra e Neemia /$ca cura di Mons. Bruno M. Pelaia .. 260 $aTorino :$bMarietti,$c1960. 300 $axii, 231 p. :$bill., c. geogr. ;$c25 cm 490 1 $aLa Sacra Bibbia.$aVecchio Testamento 700 1 $aPelaia, Bruno Maria,$csac.$0(OLS)http://pul/name/25005 730 0 $aBiblia.$pV.T.$pEsdrae I-II.$lItaliano.$0(OLS)http://pul/title/43008 830 3$aLa Sacra Bibbia.$pVecchio Testamento.$0(OLS)http://pul/title/42988 850 $aPUL 852 $aPUL$W1$xSL Religione 1$y3$m1(7) I 12$j43217$nBK-PRI$b $qStampati$B43217$CPULBib$Z2$F43217 $H $81 852 $aPUL$W1$xDP1 Fondo Dalla Palma$y117$m3 D 36$j166263$qFondi$B195451$CPULBib$Z2$F195451 $HDal1737 $81 941 1 $a1 941 1 $a8 961 $aINV: 27390 996 $6245$aEsdra e Neemia$9(OLS)http://pul/title/43007 996 $6260$aTorino :$bMarietti$9(OLS)http://pul/publisher/48186 LEADER 01683nam a2200349 u 4500 001 000000080319 003 CaOOAMICUS 005 20070226123631.0 008 040709r20021930enk u000 u eng u 020 $a0415295351 (v. 1) 020 $a041529536x (v. 2) 035 $a11003829 040 $aPUL$bita 245 00$aContemporary American philosophy :$bpersonal statements /$cedited by George P. Adams and W. M. Pepperell Montague. 260 $aLondon :$bRoutledge,$c2002. 300 $a2 v. ;$c22 cm 490 1 $aMuirhead library of philosophy.$a20th century philosophy ;$v1-2 500 $aComprende indici. 500 $aRist. dell'ed. del 1930. 504 $aContiene indicazioni bibliografiche. 650 4$aFilosofia americana$xSec. XX.$0(OLS)http://pul/subject/10406 700 1 $aPepperell Montague, W. M.$0(OLS)http://pul/name/53547 700 1 $aAdams, George P.$0(OLS)http://pul/name/53546 830 0$aMuirhead library of philosophy (Routledge).$p20th century philosophy ;$v1-2.$0(OLS)http://pul/title/105196 850 $aPUL 852 $aPUL$W1$xSL Filosofia 1$y2$m81 N 9.1-2$j102587$nBK-PRI$b $qStampati$B102587$CPULBib$Z2$F102587 $HPUL95752-95753 $81 852 $aPUL$W1$xSL Filosofia 1$y2$m81 N 9.1-2$j102587$nBK-PRI$b $qStampati$B102588$CPULBib$Z2$F102588 $HPUL95752-95753 $81 941 1 $a8 996 $6020$a0415295351 (v. 1)$9(OLS)http://pul/number/106142 996 $6020$a041529536x (v. 2)$9(OLS)http://pul/number/106143 996 $6245$aContemporary American philosophy :$bpersonal statements$9(OLS)http://pul/title/105195 996 $6260$aLondon :$bRoutledge$9(OLS)http://pul/publisher/67032